Cities of Inyo County California - Statistics

General Stats
  • This quiz has been taken 17 times
  • The average score is 4 of 25
Answer Stats
Hint Answer % Correct
1 Bishop
83%
4 Lone Pine
67%
5 Big Pine
50%
7 Independence
33%
3 West Bishop
33%
16 Cartago
17%
2 Dixon Lane-Meadow Creek
17%
21 Furnace Creek
17%
17 Keeler
17%
11 Mesa
17%
13 Olancha
17%
10 Round Valley
17%
14 Tecopa
17%
8 Wilkerson
17%
9 Big Pine Reservation
0%
6 Bishop Reservation
0%
19 Darwin
0%
15 Fort Independence Reservation
0%
18 Homewood Canyon
0%
12 Lone Pine Reservation
0%
24 Pearsonville
0%
20 Shoshone
0%
22 Timbi-Sha Shoshone Reservation
0%
23 Trona
0%
25 Valley Wells
0%
No matching quizzes found
Score Distribution
Percent of People with Each Score
Percentile by Number Answered
Your Score History
You have not taken this quiz